Estimating price book (Record no. 108811)

MARC details
000 -LEADER
fixed length control field 01411cam a22003135a 4500
001 - CONTROL NUMBER
control field L145505
008 - FIXED-LENGTH DATA ELEMENTS--GENERAL INFORMATION
fixed length control field 081016s2008 xxkd f 001 0 eng d
020 ## - INTERNATIONAL STANDARD BOOK NUMBER
International Standard Book Number 9781904829690
035 ## - SYSTEM CONTROL NUMBER
System control number (Sirsi) u145505
041 0# - LANGUAGE CODE
Language code of text/sound track or separate title eng
050 04 - LIBRARY OF CONGRESS CALL NUMBER
Classification number 698.1028 $2 18
110 2# - MAIN ENTRY--CORPORATE NAME
Corporate name or jurisdiction name as entry element Building Cost Information Service
9 (RLIN) 1096
240 ## - UNIFORM TITLE
Uniform title BCIS Wessex painting and decorating price book
-- 2008
245 00 - TITLE STATEMENT
Title Estimating price book
Remainder of title painting and decorating : 2008
250 ## - EDITION STATEMENT
Edition statement 15th ed.
260 ## - PUBLICATION, DISTRIBUTION, ETC.
Place of publication, distribution, etc. London
Name of publisher, distributor, etc. BCIS
Date of publication, distribution, etc. 2008
300 ## - PHYSICAL DESCRIPTION
Extent v, 158 p.
Dimensions 19 cm.
350 ## - PRICE (NR) (BK AM CF MU VM SE) [OBSOLETE]
Price £35
520 ## - SUMMARY, ETC.
Summary, etc. Provides guide prices for for painting and decoration in new buildings and for redecoration in existing properties. The rates are presented in the following sections: basic rates; new internal work; new external work; wall coverings; internal redecoration; external redecoration; and composite prices. Prices revised and current as to December 2008. Labour rates are based upon the national wage agreement of June 2007 and has been derived from the BCIS Wessex database.
520 ## - SUMMARY, ETC.
Summary, etc. Supersedes 14th edition (ISBN 9781904829508).
520 ## - SUMMARY, ETC.
Summary, etc. Superseded by 16th edition (ISBN 9781904829898).
521 ## - TARGET AUDIENCE NOTE
Target audience note Advanced
590 ## - LOCAL NOTE (RLIN)
Local note KA
651 #4 - SUBJECT ADDED ENTRY--GEOGRAPHIC NAME
Geographic name United Kingdom
Chronological subdivision
690 ## - LOCAL SUBJECT ADDED ENTRY--TOPICAL TERM (OCLC, RLIN)
Topical term or geographic name as entry element BUILT ENVIRONMENT-BUILDING MAINTENANCE AND REFURBISHMENT-MAINTENANCE COSTS
700 1# - ADDED ENTRY--PERSONAL NAME
Personal name Barnett, N.P.
Relator term Editor
942 ## - ADDED ENTRY ELEMENTS (KOHA)
Suppress in OPAC 0
Holdings
Withdrawn status Lost status Source of classification or shelving scheme Damaged status Not for loan Home library Current library Shelving location Date acquired Total Checkouts Full call number Barcode Date last seen Copy number Price effective from Koha item type
    Dewey Decimal Classification     London London Basement 16/10/2008   698.1028 BUI 30076285 06/08/2019 4 06/08/2019 Book
    Dewey Decimal Classification     London London RICS Boxes 17/10/2008   RICS 2008/49 30076282 06/08/2019 1 06/08/2019 Archive